British wildflowers - Statistics

General Stats
  • This quiz has been taken 27 times
  • The average score is 2 of 10
Answer Stats
Picture Answer % Correct
Bird's foot treffoi
63%
Wild carrot
50%
Sheep's bit
43%
Kidney Vetch
29%
Spotted rock rose
14%
Wild thyme
14%
Sea campion
13%
Common chickweed
11%
Heath spotted orchid
10%
Bog pimpernel
0%
Bush vetch
0%
Fleawort
0%
Shore dock
0%
Spring Squill
0%
Starry saxifrage
0%
Vetch
0%
No matching quizzes found
Score Distribution
Percent of People with Each Score
Percentile by Number Answered
Your Score History
You have not taken this quiz